000 00387nam a2200157Ia 4500
008 230917s9999||||xx |||||||||||||| ||und||
020 _cPON4.5
040 _e24242
_aMAIN
041 _aEnglish
082 _a412 J738P
100 _aJones, W E, ed.
245 0 _aPhonetics in linguistics: A book of readings
260 _aLondon
_bLongman
_c1973
300 _ax, 345 p.
942 _cBK
999 _c142632
_d142632